存在する駅だけを選ぶサドンデス(市名篇) - Statistics

General Stats
  • This quiz has been taken 3,504 times
  • The average score is 9 of 30
Answers on the Grid
Answers color-coded by a green-red scale on the quiz's grid according to % correct below.
上尾市
朝霞市
足利市
伊賀市
池田市
出雲市
伊勢崎市
伊那市
茨木市
射水市
伊予市
牛久市
恵那市
入間市
大阪狭山市
太田市
大津市
岡崎市
小野市
尾鷲市
甲斐市
貝塚市
交野市
門真市
可児市
鹿沼市
蒲郡市
川口市
関市
行田市
郡上市
熊野市
倉敷市
桑名市
堺市
佐久市
佐倉市
狭山市
三田市
吹田市
鈴鹿市
諏訪市
摂津市
瀬戸市
高岡市
立川市
多摩市
都留市
土岐市
土佐市
戸田市
栃木市
豊田市
豊橋市
長岡京市
長門市
西尾市
西脇市
寝屋川市
直方市
野田市
羽島市
廿日市市
東村山市
日向市
枚方市
松本市
箕面市
守谷市
八千代市
大和高田市
山梨市
八幡市
龍ケ崎市
和歌山市
和光市
 
Answer Stats
Answer % Correct
出雲市
62%
足利市
54%
茨木市
47%
和光市
43%
入間市
42%
門真市
38%
和歌山市
36%
龍ケ崎市
33%
伊予市
32%
山梨市
32%
伊那市
31%
堺市
29%
大阪狭山市
28%
枚方市
27%
交野市
26%
豊田市
25%
寝屋川市
25%
野田市
25%
狭山市
24%
土岐市
23%
長門市
21%
西脇市
21%
行田市
20%
熊野市
20%
摂津市
18%
都留市
18%
倉敷市
17%
瀬戸市
17%
日向市
17%
鈴鹿市
14%
No matching quizzes found
Score Distribution
Percent of People with Each Score
Percentile by Number Answered
Your Score History
You have not taken this quiz